000 00972nam a22002537a 4500
005 20170124102934.0
010 _aA-985720
020 _c100.00
035 _aA-985720
037 _bCen Lib/Ret
040 _aDPL
_bHN
082 _a827
_bयात्रीसे
100 _aयात्री, से ० रा ०
_945982
245 _aदुनिया मेरे आगे /
_cसे ० रा ० यात्री
246 _aDuniya mere aage /
_bby Se. Ra. Yatri
260 _aदिल्ली
_bआखिल भारतीय
_c1999
270 _a3014, चरखेवालान
_bदिल्ली
_e110006
300 _a112पृ.
_c21सेमी (सजिल्द)
650 _aहिंदी साहित्य
_947432
650 _aहिंदी आलोचना
_97
650 _aHindi literature
_947433
650 _aHindi criticism
_942688
942 _2ddc
_cHN
_h827
_mयात्रीसे
999 _c112117
_d112117